1305 1411 1691 1685 1529 1120 1057 1911 1087 1228 1764 1276 1159 1562 1860 1188 1724 1930 1960 1290 1366 1032 1549 1228 1522 1820 1235 1245 1802 1728 1642 1825 1516 1781 1368 1964 1482 1158 1940 1668 1844 1747 1584 1473 1800 1046 1117 1807 1625 1109 1660 1727 1069 1174 1272 1470 1329 1194 1209 1298 1869 1450 1215 1620 1846 1833 1802 1648 1445 1880 1663 1834 1567 1906 1696 1786 1548 1552 1493 1603 1901 1844 1995 1573 1313 1158 1804 1969 1019 1146 1076 1281 1168 1387 1003 2000 1425 1607 1336 BCNSPRNW ULIB Ver.6.0+V

เปลี่ยนเป็นภาษาไทย

Change to English
 แสดงรายละเอียดบรรณานุกรม
  กลับหน้าหลัก

Brief Record : Get Marc (ISO 2709) : E-mail record : QR code < ปิดหน้าต่าง
LEADER : 00000nam 2200000uu 4500
001    13399127457
003     ULIB
008    200529s2019||||th 000 0 tha d
020    ^a9781496389589
060 04 ^aWM34^bS126k
100 1  ^aSadock, Benjamin J.,^d1933-
245 10 ^aKaplan & Sadock s pocket handbook of psychiatric drugtreatment /^cBenjamin J. Sadock, Virginia A. Sadock,Norman Sussman
246 30 ^aKaplan and Sadock s pocket handbook of psychiatric drugtreatment
246 30 ^aPocket handbook of psychiatric drug treatment
246 30 ^aPsychiatric drug treatment
250    ^a4th ed.
260    ^aPhiladelphia :^bWolters Kluwer,^c2019
300    ^axx, 315 p. :^bill. ;^c21 cm.
504    ^aIncludes bibliographical references and index
650  2 ^aMental Disorders^xdrug therapy^vhandbooks
650  2 ^aPsychotropic Drugs^xtherapeutic use^vhandbooks
700 1  ^aSadock, Virginia A.
700 1  ^aSussman, Norman
945    ^p0^l0^i28358
999    ^aกัณชพร จุลอักษร
รายการนี้ยังไม่มีแท็ก
คุณยังไม่ได้ล็อกอิน คุณสามารถมีกิจกรรมร่วมกับเว็บไซต์ได้ แต่ต้องล็อกอินก่อน ::
  ล็อกอิน

รายการสื่อสารสนเทศ

ลำดับที่ ประเภท เลขเรียก/บาร์โค้ด สถานที่ สถานะ
1. หนังสือสำรอง
หนังสือสำรอง
WM34 S126k ฉ.1 
  Barcode: 28358
ห้องสมุดวิทยาเขตนครสวรรค์
►หนังสือทั่วไป:l:General Books
บนชั้น

BibComment


ยังไม่เคยถูกคอมเมนท์

คอมเมนท์ทรัพยากรรายการนี้
  คอมเมนท์: Kaplan Sadock s..


 Copyright 2026. Bcnsprnw @Library